拼音以T开头的中国城市 Chinese cities whose pinyin begins with T - Statistics

General Stats
  • This quiz has been taken 95 times
  • The average score is 25 of 34
Answer Stats
七普人口 DWUA 省份 行政类别 城市 % Correct
1093 1005 天津 直辖市 天津
98%
98 69 江苏 地级市 泰州
96%
966 台湾 台湾城市 台北
95%
112 台湾 台湾城市 台南
95%
251 台湾 台湾城市 台中
95%
405 507 山西 地级市 太原
95%
116 92 山东 地级市 泰安
95%
134 127 浙江 地级市 台州
94%
214 175 河北 地级市 唐山
94%
66 60 甘肃 地级市 天水
93%
25 辽宁 地级市 铁岭
91%
39 吉林 地级市 通化
88%
26 湖北 县级市 天门
85%
43 70 内蒙古 地级市 通辽
85%
42 贵州 地级市 铜仁
85%
57 52 安徽 地级市 铜陵
84%
32 陕西 地级市 铜川
81%
12 新疆 地级市 吐鲁番
79%
11 新疆 县级市 塔城
76%
38 江苏 县级市 泰兴
69%
35 江苏 县级市 太仓
66%
2 新疆 县级市 铁门关
63%
36 广东 县级市 台山
56%
24 安徽 县级市 天长
55%
6 吉林 县级市 图们
55%
29 55 安徽 县级市 桐城
51%
6 新疆 县级市 图木舒克
51%
71 山东 县级市 滕州
50%
青海 县级市 同仁
46%
17 云南 县级市 腾冲
45%
14 黑龙江 县级市 铁力
45%
53 55 浙江 县级市 桐乡
45%
5 黑龙江 县级市 同江
41%
11 吉林 县级市 洮南
34%
No matching quizzes found
Score Distribution
Percent of People with Each Score
Percentile by Number Answered
Your Score History
You have not taken this quiz